|
|
|
|
| LEADER |
01651nam a2200337 a 4500 |
| 001 |
12400666 |
| 008 |
091105s1999 enka b 001 0 eng d |
| 010 |
|
|
|a 2001369493
|
| 020 |
|
|
|a 039304713X
|
| 020 |
|
|
|a 039331815X
|
| 020 |
|
|
|a 1853837695 (pbk.)
|
| 040 |
|
|
|a DLC
|c DLC
|
| 082 |
|
|
|a 363.7
|2 21
|
| 245 |
0 |
0 |
|a State of the world 1999 :
|b a Worldwatch Institute report on progress toward a sustainable society /
|c Lester R. Brown ... [et al.].
|
| 260 |
|
|
|a New York ;
|a London :
|b W. W. Norton & Company,
|c 1999.
|
| 300 |
|
|
|a xix, 259 p. :
|b ill. ;
|c 24 cm.
|
| 490 |
1 |
|
|a Environmental alert series
|
| 504 |
|
|
|a Includes bibliographical references and index.
|
| 541 |
1 |
|
|e 00007394
|
| 650 |
|
0 |
|a Economic development
|x Environmental aspects.
|
| 650 |
|
0 |
|a Sustainable development.
|
| 650 |
|
0 |
|a Conservation of natural resources.
|
| 700 |
1 |
|
|a Brown, Lester Russell,
|d 1934-
|
| 710 |
2 |
|
|a Worldwatch Institute.
|
| 830 |
|
0 |
|a Worldwatch environmental alert series
|
| 852 |
4 |
|
|a Ayesha Abed Library
|j General Shelf
|
| 999 |
|
|
|c 5638
|d 5638
|
| 952 |
|
|
|0 0
|1 0
|2 ddc
|4 0
|6 363_700000000000000_STA_1999
|7 0
|9 5540
|a BRACUL
|b BRACUL
|c GEN
|d 2009-11-19
|g 1316.00
|l 0
|o 363.7 STA
|p 3010007394
|r 2009-11-19
|t 1
|w 2009-11-19
|y BK
|
| 952 |
|
|
|0 0
|1 0
|2 ddc
|4 0
|6 363_700000000000000_STA_1999
|7 0
|9 9744
|a BRACUL
|b BRACUL
|c GEN
|d 2010-05-04
|l 0
|o 363.7 STA
|p 3010007393
|r 2010-05-04
|t 2
|w 2010-05-04
|y BK
|
| 952 |
|
|
|0 0
|1 0
|2 ddc
|4 0
|6 363_700000000000000_STA
|7 0
|9 43050
|a SCL
|b SCL
|c GEN
|d 1999-12-12
|l 0
|o 363.7 STA
|p 3020002466
|r 2014-07-09
|t 3
|w 2014-07-09
|y BK
|
| 952 |
|
|
|0 0
|1 0
|2 ddc
|4 0
|6 363_700000000000000_STA
|7 0
|9 43064
|a SCL
|b SCL
|c GEN
|d 1999-12-12
|l 0
|o 363.7 STA
|p 3020002465
|r 2014-07-09
|t 4
|w 2014-07-09
|y BK
|